[Event "Biel HTO 57th"]
[Site "Biel"]
[Date "2024.07.24"]
[Round "9"]
[White "Emmenecker, Pierre Antoine"]
[Black "Frayna, Janelle Mae"]
[Result "1/2-1/2"]
[WhiteElo "2318"]
[BlackElo "2164"]
[PlyCount "137"]
[EventDate "2024.07.15"]
[EventType "swiss"]
[EventRounds "10"]
[EventCountry "SUI"]
[SourceTitle "CBM 221"]
[Source "ChessBase"]
[SourceDate "2024.08.31"]
[SourceVersion "1"]
[SourceVersionDate "2024.08.31"]
[SourceQuality "1"]

1. e4 g6 2. d4 Bg7 3. Nc3 d6 4. Be3 Nf6 5. h3 c6 6. a4 0-0 7. Nf3 Qc7 8. Bc4 Nbd7 9. Ba2 e5 10. 0-0 exd4 11. Bxd4 Ne5 12. Nd2 Be6 13. Bxe6 fxe6 14. Bxe5 dxe5 15. Nb3 Nh5 16. g3 Rf6 17. Qe2 Bf8 18. Rad1 Qf7 19. Rd3 Be7 20. Nd1 Rf8 21. Ne3 Qg7 22. Ng4 R6f7 23. Nd2 Bc5 24. Kg2 Bb6 25. Nf3 Bc7 26. Ng5 Re7 27. Rf3 Rfe8 28. Rb3 Bb8 29. Rd1 Nf6 30. Nxf6+ Qxf6 31. h4 h6 32. Nh3 Rf8 33. Rdd3 Ref7 34. Rf3 Qxf3+ 35. Rxf3 Rxf3 36. Nf4 exf4 37. Qxf3 fxg3 38. Qd3 Rxf2+ 39. Kg1 Bc7 40. a5 Bf4 41. e5 Bxe5 42. Qxg6+ Kf8 43. Qxe6 Re2 44. Qc8+ Ke7 45. Qxb7+ Kd6 46. Qb4+ c5 47. Qb8+ Ke6 48. Qe8+ Kd6 49. Qg6+ Kd5 50. Qf7+ Ke4 51. Qg6+ Kd5 52. Qf7+ Ke4 53. Qh7+ Kf4 54. Qxh6+ Kg4 55. Qg5+ Kh3 56. Qf5+ Kxh4 57. Qh7+ Kg5 58. Qg8+ Kf4 59. Qf8+ Ke4 60. Qa8+ Kf4 61. Qf8+ Ke4 62. c3 Bf4 63. Qe8+ Kd3 64. Qd7+ Ke4 65. Qe6+ Kf3 66. Qd5+ Kg4 67. Qd7+ Kf3 68. Qd5+ Kg4 69. Qd7+ 1/2-1/2

[Event "Biel HTO 57th"]
[Site "Biel"]
[Date "2024.07.15"]
[Round "1"]
[White "Emmenecker, Pierre Antoine"]
[Black "Arbinger, Roland"]
[Result "1-0"]
[WhiteElo "2318"]
[BlackElo "2013"]
[PlyCount "99"]
[EventDate "2024.07.15"]
[EventType "swiss"]
[EventRounds "10"]
[EventCountry "SUI"]
[SourceTitle "CBM 221"]
[Source "ChessBase"]
[SourceDate "2024.08.31"]
[SourceVersion "1"]
[SourceVersionDate "2024.08.31"]
[SourceQuality "1"]

1. e4 d5 2. exd5 Qxd5 3. Nc3 Qd6 4. g3 Nf6 5. Bg2 g6 6. Nf3 Bg7 7. 0-0 0-0 8. Re1 Bg4 9. d4 c6 10. Bf4 Qd8 11. Qd2 Bxf3 12. Bxf3 e6 13. h4 Nbd7 14. Rad1 Nb6 15. Qe2 Nbd5 16. Nxd5 cxd5 17. c4 Rc8 18. c5 Qd7 19. b4 a6 20. Qc2 Ra8 21. a4 Rfc8 22. Qb3 Ne8 23. Re2 Nc7 24. Rc2 f6 25. Be3 Kh8 26. Rdc1 Qe8 27. Be2 e5 28. dxe5 fxe5 29. Bg4 d4 30. Bg5 h6 31. Bxc8 Qxc8 32. c6 b6 33. Be7 e4 34. Qf7 Qf5 35. Qxf5 gxf5 36. Bd6 Nd5 37. c7 Rc8 38. Rc6 d3 39. a5 Bd4 40. axb6 Bxb6 41. Be5+ Kh7 42. Rd6 e3 43. Rxd5 d2 44. Rb1 Bxc7 45. Rd7+ Kg6 46. Bxc7 Rxc7 47. Rxc7 e2 48. Rcc1 f4 49. gxf4 Kf5 50. Rd1 1-0

[Event "FRA-chT Top 16 Basse"]
[Site "Chartres"]
[Date "2024.06.06"]
[Round "1.20"]
[White "Sokolov, Andrei"]
[Black "Emmenecker, Pierre Antoine"]
[Result "1-0"]
[WhiteElo "2461"]
[BlackElo "2306"]
[PlyCount "99"]
[EventDate "2024.06.06"]
[EventType "team-tourn"]
[EventRounds "4"]
[EventCountry "FRA"]
[SourceTitle "CBM 220 Extra"]
[Source "ChessBase"]
[SourceDate "2024.07.31"]
[SourceVersion "1"]
[SourceVersionDate "2024.07.31"]
[SourceQuality "1"]
[WhiteTeam "Mulhouse Philidor"]
[BlackTeam "Cergy Pontoise"]
[WhiteTeamCountry "FRA"]
[BlackTeamCountry "FRA"]

1. e4 e5 2. Nf3 Nc6 3. Bb5 a6 4. Ba4 d6 5. 0-0 Bd7 6. c3 g6 7. d4 Bg7 8. dxe5 Nxe5 9. Nxe5 dxe5 10. f4 Bxa4 11. Qxa4+ Qd7 12. Qxd7+ Kxd7 13. fxe5 Rf8 14. Be3 Bxe5 15. Nd2 f5 16. Rad1 Kc8 17. Nf3 Bf6 18. exf5 Ne7 19. fxg6 Nxg6 20. Bh6 Re8 21. Rfe1 Be7 22. g3 Bc5+ 23. Kg2 Ne7 24. Be3 Bd6 25. Ng5 Nf5 26. Bf2 Ref8 27. Ne6 Rf6 28. Nd4 Ne7 29. Be3 Rg6 30. Rf1 h5 31. Nf5 Nxf5 32. Rxf5 Re8 33. Kf3 Rge6 34. Rd3 h4 35. gxh4 Re4 36. Bg5 Re1 37. Kg4 Rg1+ 38. Rg3 Bxg3 39. hxg3 Re2 40. h5 Rxb2 41. h6 Rh1 42. Bh4 Re2 43. Rf8+ Kd7 44. h7 Re4+ 45. Kh5 Re5+ 46. Kg6 Re6+ 47. Kg7 Re4 48. Rf7+ Ke6 49. Re7+ Kf5 50. Rxe4 1-0

[Event "FRA-ch Accession 96th"]
[Site "L'Alpe d'Huez"]
[Date "2023.08.21"]
[Round "3"]
[White "Emmenecker, Pierre Antoine"]
[Black "Bournel, Antoine"]
[Result "1/2-1/2"]
[WhiteElo "2285"]
[BlackElo "2329"]
[PlyCount "68"]
[EventDate "2023.08.19"]
[EventType "swiss"]
[EventRounds "9"]
[EventCountry "FRA"]
[SourceTitle "CBM 215 Extra"]
[Source "ChessBase"]
[SourceDate "2023.09.30"]
[SourceVersion "1"]
[SourceVersionDate "2023.09.30"]
[SourceQuality "1"]

1. e4 c5 2. Nf3 e6 3. b3 b6 4. d4 cxd4 5. Nxd4 Bb7 6. Bd3 Qf6 7. c3 Nc6 8. Nxc6 Bxc6 9. Qe2 Ne7 10. 0-0 Ng6 11. f4 Bc5+ 12. Kh1 0-0 13. Bb5 Bxb5 14. Qxb5 Rfd8 15. Qd3 Rac8 16. g3 d5 17. e5 Qf5 18. Qxf5 exf5 19. Bb2 Be7 20. Nd2 f6 21. Nf3 fxe5 22. fxe5 Nf8 23. Rad1 Ne6 24. Nd4 Nxd4 25. Rxd4 g6 26. Rfd1 Kf7 27. Rxd5 Rxd5 28. Rxd5 Ke6 29. c4 Rd8 30. Rxd8 Bxd8 31. Kg2 Bc7 32. Bc1 Bxe5 33. Kf3 Bd6 34. Bf4 Bc5 1/2-1/2

[Event "Paris-ch IdF"]
[Site "Paris"]
[Date "2023.07.14"]
[Round "5"]
[White "Emmenecker, Pierre Antoine"]
[Black "Savitha Shri, B."]
[Result "1/2-1/2"]
[WhiteElo "2298"]
[BlackElo "2426"]
[PlyCount "160"]
[EventDate "2023.07.11"]
[EventType "swiss"]
[EventRounds "9"]
[EventCountry "FRA"]
[SourceTitle "CBM 215 Extra"]
[Source "ChessBase"]
[SourceDate "2023.09.30"]
[SourceVersion "1"]
[SourceVersionDate "2023.09.30"]
[SourceQuality "1"]

1. e4 c5 2. Nf3 e6 3. g3 Nf6 4. e5 Nd5 5. Bg2 Nc6 6. 0-0 d6 7. d4 cxd4 8. exd6 Qb6 9. Nbd2 Nf6 10. Nb3 Bxd6 11. Nfxd4 Nxd4 12. Qxd4 Qc7 13. Rd1 Be5 14. Qc5 Qxc5 15. Nxc5 Rb8 16. Be3 b6 17. Nd3 Bd6 18. a4 0-0 19. a5 Bb7 20. axb6 axb6 21. Bxb7 Rxb7 22. Ra6 Nd5 23. Bd4 Rc8 24. c3 f6 25. f4 Kf7 26. Rda1 Rcc7 27. Bf2 h6 28. h4 Be7 29. Bd4 Bc5 30. R1a4 Be7 31. Ra1 Kg6 32. Kg2 Kf5 33. Kf3 h5 34. Rc1 Rc6 35. Re1 Nc7 36. Raa1 b5 37. Ra5 Nd5 38. Rea1 b4 39. Ra7 Rxa7 40. Rxa7 bxc3 41. bxc3 Kg6 42. Ke2 Bd6 43. Kd2 Ne7 44. Nb4 Rc8 45. Ra6 Nf5 46. Nc2 Bb8 47. Bf2 e5 48. Ra4 Rd8+ 49. Ke2 Re8 50. Kf3 Rc8 51. c4 Nd6 52. c5 Nb7 53. fxe5 Bxe5 54. Ne1 Kf5 55. Nd3 Nd8 56. Nxe5 fxe5 57. Rc4 Rc6 58. Rb4 Ne6 59. Be3 Ra6 60. Rc4 Rc6 61. Ra4 g6 62. Rc4 Nc7 63. g4+ Ke6 64. Ra4 Nd5 65. Bg1 Nf6 66. gxh5 gxh5 67. Ra7 Kf5 68. Rg7 Ke6 69. Rg5 Rc8 70. Bf2 Rf8 71. Ke2 Ne4 72. Rg6+ Kd5 73. Be3 Nxc5 74. Bxc5 Kxc5 75. Ke3 Kd5 76. Rg5 Ra8 77. Rxh5 Ra3+ 78. Kf2 Ke4 79. Rh8 Ra7 80. h5 Ra3 1/2-1/2

[Event "Paris-ch IdF"]
[Site "Paris"]
[Date "2023.07.13"]
[Round "3"]
[White "Emmenecker, Pierre Antoine"]
[Black "Bouget, Alexandre"]
[Result "1/2-1/2"]
[WhiteElo "2298"]
[BlackElo "2253"]
[PlyCount "96"]
[EventDate "2023.07.11"]
[EventType "swiss"]
[EventRounds "9"]
[EventCountry "FRA"]
[SourceTitle "CBM 215 Extra"]
[Source "ChessBase"]
[SourceDate "2023.09.30"]
[SourceVersion "1"]
[SourceVersionDate "2023.09.30"]
[SourceQuality "1"]

1. e4 e5 2. Nf3 d5 3. exd5 Bd6 4. d4 e4 5. Ne5 Nf6 6. c4 c5 7. dxc6 Nxc6 8. Nxc6 bxc6 9. Nc3 0-0 10. Be2 Rb8 11. Qc2 Bf5 12. h3 Bg6 13. Be3 Rb7 14. c5 Bb8 15. Ba6 Rd7 16. Bc4 Rxd4 17. Bxd4 Qxd4 18. Ne2 Qe5 19. Qc3 Qg5 20. g3 Nd7 21. Qe3 Qe7 22. Nf4 Bf5 23. Rd1 Nxc5 24. 0-0 g5 25. Nd5 cxd5 26. Rxd5 Bxh3 27. Rxg5+ Kh8 28. Qxc5 Qxc5 29. Rxc5 Bxf1 30. Kxf1 Kg7 31. g4 Bd6 32. Rd5 Rd8 33. Rd4 Kf6 34. Rxe4 Be5 35. Bxf7 Rd4 36. Rxd4 Bxd4 37. Bg8 Kg7 38. Bc4 Bxb2 39. Kg2 h6 40. f4 Kf6 41. Kf3 Bc1 42. Ke4 Bd2 43. Bd5 Bc1 44. Bc4 Bd2 45. Ba6 Bc1 46. a4 Bd2 47. Bc8 a5 48. f5 Bb4 1/2-1/2

[Event "FRA-ch Accession"]
[Site "Albi"]
[Date "2022.08.19"]
[Round "7"]
[White "Gatineau, Yovann"]
[Black "Emmenecker, Pierre Antoine"]
[Result "1/2-1/2"]
[WhiteElo "2372"]
[BlackElo "2245"]
[PlyCount "122"]
[EventDate "2022.08.13"]
[EventType "swiss"]
[EventRounds "9"]
[EventCountry "FRA"]
[SourceTitle "CBM 210 Extra"]
[Source "ChessBase"]
[SourceDate "2022.11.30"]
[SourceVersion "1"]
[SourceVersionDate "2022.11.30"]
[SourceQuality "1"]

1. e4 e5 2. Nf3 Nc6 3. Bc4 Nf6 4. d3 h6 5. c3 d6 6. a4 g6 7. a5 Bg7 8. a6 b6 9. 0-0 0-0 10. Re1 Rb8 11. Bb5 Ne7 12. d4 c6 13. dxe5 dxe5 14. Qxd8 Rxd8 15. Bc4 Ne8 16. b4 Nc7 17. Be3 Be6 18. Nbd2 Bxc4 19. Nxc4 f6 20. Red1 Nb5 21. Kf1 Kf7 22. Rdc1 Ke6 23. Ne1 f5 24. f3 f4 25. Bf2 Rd7 26. Ke2 Rbd8 27. Ra2 Nc8 28. Rd2 Ncd6 29. Nxd6 Nxd6 30. c4 Ne8 31. Rxd7 Rxd7 32. b5 cxb5 33. cxb5 Nd6 34. Rb1 Rc7 35. Nd3 Bf8 36. Rb2 Nc4 37. Rc2 Bd6 38. Be1 Na3 39. Rb2 Rc2+ 40. Rxc2 Nxc2 41. Bf2 Bc7 42. Kd2 Na3 43. Nb4 Nxb5 44. Kd3 Bd6 45. Kc4 Nc7 46. Nc6 b5+ 47. Kc3 Nxa6 48. Nxa7 Bb4+ 49. Kc2 Nc7 50. Bb6 Kd7 51. Kb3 Na6 52. Nxb5 Kc6 53. Nc7 Bc5 54. Nxa6 Kxb6 55. Kc4 Be7 56. Nb4 Bxb4 57. Kxb4 g5 58. Kc4 Kc6 59. Kb4 Kb6 60. Kc4 Kc6 61. Kb4 Kb6 1/2-1/2

[Event "Vaujany op 12th"]
[Site "Vaujany"]
[Date "2021.07.16"]
[Round "2"]
[White "Guilleux, Fabien"]
[Black "Emmenecker, Pierre Antoine"]
[Result "1-0"]
[WhiteElo "2448"]
[BlackElo "2166"]
[PlyCount "111"]
[EventDate "2021.07.15"]
[EventType "swiss"]
[EventRounds "9"]
[EventCountry "FRA"]
[SourceTitle "EXT 2022"]
[Source "ChessBase"]
[SourceDate "2021.10.06"]
[SourceVersion "1"]
[SourceVersionDate "2021.10.06"]
[SourceQuality "1"]

1. e4 e5 2. Nf3 Nc6 3. Bb5 Bc5 4. c3 f5 5. d4 fxe4 6. Bxc6 dxc6 7. Nxe5 Bd6 8. Qh5+ g6 9. Qe2 Bf5 10. g4 Bxe5 11. gxf5 Bd6 12. Nd2 Qe7 13. Nxe4 gxf5 14. Ng3 0-0-0 15. Nxf5 Qf7 16. Nxd6+ Rxd6 17. Be3 Nf6 18. c4 Re8 19. 0-0-0 b5 20. d5 bxc4 21. dxc6 Rxc6 22. Qf3 Kb7 23. Rd4 Qh5 24. Qxh5 Nxh5 25. Rg1 Nf6 26. Rg7 Rg8 27. Rxg8 Nxg8 28. Rh4 Nf6 29. Bd4 h5 30. f3 a6 31. Kd2 Rd6 32. Ke3 Re6+ 33. Kf4 Re2 34. Kf5 Nd5 35. Rxh5 c5 36. Bh8 Nb4 37. h4 Nxa2 38. Rg5 Nb4 39. h5 Nd3 40. h6 Rh2 41. Kg6 Nf4+ 42. Kh7 Ne6 43. Re5 Nf8+ 44. Kg7 Nd7 45. Rg5 Rxb2 46. h7 Rh2 47. Kg8 Nf8 48. Kxf8 Rxh7 49. Rg7+ Rxg7 50. Bxg7 Kc6 51. f4 Kd5 52. f5 a5 53. f6 c3 54. f7 Kc4 55. Ke8 c2 56. Bh6 1-0

[Event "FRA-ch Blitz Online Qual"]
[Site "Europe Echecs INT"]
[Date "2020.05.16"]
[Round "10"]
[White "Duquesne, Adrien"]
[Black "Emmenecker, Pierre Antoine"]
[Result "1-0"]
[WhiteElo "2147"]
[BlackElo "2172"]
[PlyCount "67"]
[EventDate "2020.05.16"]
[EventType "swiss (blitz)"]
[EventRounds "15"]
[EventCountry "FRA"]
[SourceTitle "CBM 196 Extra"]
[Source "ChessBase"]
[SourceDate "2020.07.31"]
[SourceVersion "1"]
[SourceVersionDate "2020.07.31"]
[SourceQuality "1"]

1. d4 d5 2. c4 e6 3. Nc3 c5 4. cxd5 exd5 5. Nf3 Nc6 6. g3 Nf6 7. Bg2 Be7 8. 0-0 0-0 9. Bg5 c4 10. Ne5 Be6 11. Qd2 h6 12. Bxf6 Bxf6 13. f4 Qb6 14. e3 Ne7 15. g4 Bxe5 16. fxe5 Rad8 17. h3 Qc6 18. b3 b5 19. bxc4 bxc4 20. Rf2 Rb8 21. Raf1 a5 22. Qe2 a4 23. g5 hxg5 24. Qh5 Qd7 25. Qxg5 Ng6 26. h4 Qd8 27. Qg3 Nxh4 28. e4 dxe4 29. Bxe4 g6 30. d5 Bc8 31. e6 f5 32. Bxf5 Nxf5 33. Rxf5 Ba6 34. Qxg6+ 1-0

[Event "FRA-ch Blitz Online Qual"]
[Site "Europe Echecs INT"]
[Date "2020.05.16"]
[Round "5"]
[White "Emmenecker, Pierre Antoine"]
[Black "Terrieux, Kevin"]
[Result "0-1"]
[WhiteElo "2172"]
[BlackElo "2448"]
[PlyCount "78"]
[EventDate "2020.05.16"]
[EventType "swiss (blitz)"]
[EventRounds "15"]
[EventCountry "FRA"]
[SourceTitle "CBM 196 Extra"]
[Source "ChessBase"]
[SourceDate "2020.07.31"]
[SourceVersion "1"]
[SourceVersionDate "2020.07.31"]
[SourceQuality "1"]

1. d4 d5 2. f3 c5 3. e3 Nc6 4. c3 g6 5. Bd3 Bg7 6. Ne2 e5 7. dxc5 Qh4+ 8. Ng3 Nf6 9. 0-0 a5 10. e4 d4 11. cxd4 Nxd4 12. Nc3 0-0 13. Be3 Nd7 14. Bf2 Qd8 15. Na4 b6 16. cxb6 Nxb6 17. Nxb6 Qxb6 18. b3 Rd8 19. Qd2 Ba6 20. Bxa6 Qxa6 21. Qb2 h5 22. Rac1 h4 23. Bxd4 exd4 24. Ne2 h3 25. Qd2 hxg2 26. Kxg2 d3 27. Ng3 Rac8 28. Rxc8 Rxc8 29. Rc1 Rd8 30. Rc4 Qf6 31. Nf1 Kh7 32. f4 Bh6 33. Kf3 Qe6 34. Ng3 Qb6 35. e5 Qg1 36. Ne4 Qh1+ 37. Ke3 Qg1+ 38. Kf3 Qf1+ 39. Ke3 Bxf4# 0-1

[Event "FRA-ch U14"]
[Site "Hyeres"]
[Date "2019.04.18"]
[Round "6"]
[White "Emmenecker, Pierre Antoine"]
[Black "Maugenest, Ghislain"]
[Result "1-0"]
[WhiteElo "1950"]
[BlackElo "2167"]
[PlyCount "115"]
[EventDate "2019.04.14"]
[EventType "swiss"]
[EventRounds "9"]
[EventCountry "FRA"]
[SourceTitle "CBM 190 Extra"]
[Source "ChessBase"]
[SourceDate "2019.07.15"]
[SourceVersion "1"]
[SourceVersionDate "2019.07.15"]
[SourceQuality "1"]

1. e4 e5 2. Nf3 Nc6 3. d4 exd4 4. Bc4 d6 5. Nxd4 Nf6 6. Nc3 Be7 7. 0-0 0-0 8. a4 Ne5 9. Ba2 c6 10. h3 Qa5 11. Be3 Rd8 12. Qd2 Qb4 13. f4 Nc4 14. Bxc4 Qxc4 15. b3 Qb4 16. a5 d5 17. Ra4 dxe4 18. Rxb4 Bxb4 19. Qc1 Bxc3 20. Ne2 Bxa5 21. Rd1 Rxd1+ 22. Qxd1 Nd5 23. Bd4 Bc7 24. Be5 Bxe5 25. fxe5 Bf5 26. g4 Bg6 27. c4 Nb6 28. Nf4 Re8 29. c5 Nd5 30. Nxd5 cxd5 31. Qxd5 e3 32. Kf1 Kf8 33. Ke2 h5 34. Qd6+ Re7 35. b4 hxg4 36. hxg4 Be4 37. b5 a6 38. c6 bxc6 39. bxc6 Bxc6 40. Qxc6 Rxe5 41. Qd6+ Re7 42. Qxa6 f6 43. Qc8+ Kf7 44. Qc4+ Kg6 45. Qd3+ Kh6 46. Qd5 Re5 47. Qf3 Kg5 48. Qh3 g6 49. Qf3 Re6 50. Qd5+ Re5 51. Qf3 Re7 52. Qg2 Re8 53. Qf3 Re5 54. Qg2 Kh4 55. Kf3 e2 56. Qg3+ Kg5 57. Qf4+ Kh4 58. Qh6+ 1-0

[Event "Paris ChessMates 3rd"]
[Site "Paris"]
[Date "2019.03.30"]
[Round "3.1"]
[White "Emmenecker, Pierre Antoine"]
[Black "Collins, Adam"]
[Result "1/2-1/2"]
[WhiteElo "1936"]
[BlackElo "1467"]
[PlyCount "36"]
[EventDate "2019.03.29"]
[EventType "team-tourn"]
[EventRounds "5"]
[EventCountry "FRA"]
[SourceTitle "CBM 189 Extra"]
[Source "ChessBase"]
[SourceDate "2019.05.31"]
[SourceVersion "1"]
[SourceVersionDate "2019.05.31"]
[SourceQuality "1"]
[WhiteTeam "Idf Team"]
[BlackTeam "Ireland"]
[WhiteTeamCountry "FRA"]
[BlackTeamCountry "IRL"]

1. e4 c6 2. d4 d5 3. e5 Bf5 4. h4 h5 5. Bd3 Bxd3 6. Qxd3 e6 7. Bg5 Be7 8. Nf3 Nh6 9. Nbd2 Nd7 10. 0-0-0 Nb6 11. c4 dxc4 12. Nxc4 Nxc4 13. Qxc4 Qd5 14. Qa4 Nf5 15. Ne1 a5 16. Bxe7 b5 17. Qa3 Nxe7 18. Nc2 Nf5 1/2-1/2

[Event "FRA-ch U12"]
[Site "Belfort"]
[Date "2017.04.22"]
[Round "8.3"]
[White "Papadiamandis, Elliot"]
[Black "Emmenecker, Pierre Antoine"]
[Result "1/2-1/2"]
[WhiteElo "1944"]
[BlackElo "1737"]
[PlyCount "103"]
[EventDate "2017.04.16"]
[EventType "swiss"]
[EventRounds "9"]
[EventCountry "FRA"]
[SourceTitle "EXT 2019"]
[Source "ChessBase"]
[SourceDate "2018.10.10"]
[SourceVersion "1"]
[SourceVersionDate "2018.10.10"]
[SourceQuality "1"]

1. e4 e5 2. Nf3 Nc6 3. Bc4 Nf6 4. d3 h6 5. c3 d6 6. Bb3 g6 7. Nbd2 Bg7 8. 0-0 0-0 9. Re1 Re8 10. Nf1 Be6 11. Ng3 a5 12. h3 Bxb3 13. Qxb3 a4 14. Qd1 d5 15. Qe2 Qd7 16. Nh2 b5 17. Qf3 Kh7 18. Ng4 Nxg4 19. hxg4 d4 20. Ne2 Re7 21. g3 Rd8 22. Rd1 Qe6 23. Kg2 Red7 24. g5 h5 25. Bd2 Bf8 26. Rac1 Be7 27. c4 b4 28. Rh1 Kg7 29. Rh4 Rh8 30. Ng1 Rdd8 31. Qd1 Ra8 32. f4 Bc5 33. Qf3 f5 34. gxf6+ Qxf6 35. fxe5 Nxe5 36. Qe2 Raf8 37. Rf4 Qe6 38. Nh3 Be7 39. Rcf1 Rf6 40. Rxf6 Bxf6 41. Bxb4 Qb6 42. a3 Ng4 43. Rf3 c5 44. Bd2 Ne5 45. Rf1 Qb3 46. Nf4 Re8 47. Nd5 Re6 48. Nf4 Re8 49. Qf2 Ng4 50. Qe2 Ne5 51. Qf2 Ng4 52. Qe2 1/2-1/2